000 00495nam a2200181Ia 4500
005 20250508150427.0
008 008 250505s9999 xx 000 0 eng d
037 _aTextual
040 _aFEDL
_beng
_cFEDL
041 _aeng
_2eng
084 _a374.2, STI
_qFEDL
100 _aStimson C
_9343110
245 0 _aEducation after school
260 _aLondon, UK
_bRoutledge and Kegan Paul Ltd
_c1948
300 _ax,180p.
942 _cTEXL
_h374.2, STI
999 _c1323579
_d1323579